Privatizačné vlny Európy Cieľ: cez súkromnovlastnícke vzťahy zefektívniť ekonomiku a získať finančnú hotovosť
Príležitosti, ktoré ponúka privatizačná vlna, ktorá v súčasnosti prebieha Európou. Predpoklady privatizácie v európskych krajinách do konca tohto tisícročia. Privatizačný podiel niektorých krajín a regiónov sveta na celkovej hodnote privatizácie vo svete. Ciele, ktoré sleduje privatizačná vlna vo sv...
Guardado en:
| Autor principal: | |
|---|---|
| Otros Autores: | |
| Formato: | Capítulo de libro |
| Lenguaje: | eslovaco |
| Materias: | |
| Etiquetas: |
Sin Etiquetas, Sea el primero en etiquetar este registro!
|
MARC
| LEADER | 00000naa a2200000 4500 | ||
|---|---|---|---|
| 001 | r018296 | ||
| 005 | 20221213100544.1 | ||
| 041 | 0 | |a slo | |
| 044 | |a SK | ||
| 245 | 1 | 0 | |a Privatizačné vlny Európy |b Cieľ: cez súkromnovlastnícke vzťahy zefektívniť ekonomiku a získať finančnú hotovosť |c P. Stanek, J. Černá |
| 520 | |a Príležitosti, ktoré ponúka privatizačná vlna, ktorá v súčasnosti prebieha Európou. Predpoklady privatizácie v európskych krajinách do konca tohto tisícročia. Privatizačný podiel niektorých krajín a regiónov sveta na celkovej hodnote privatizácie vo svete. Ciele, ktoré sleduje privatizačná vlna vo svete. Významné faktory, ktoré pravdebodobne ovplyvnia budúci obraz jednotlivých ekonomík. | ||
| 610 | 2 | 0 | |a privatizácia |
| 610 | 2 | 0 | |a Európa |
| 610 | 2 | 0 | |a hospodárstvo svetové |
| 610 | 2 | 0 | |a Ázia |
| 610 | 2 | 0 | |a USA |
| 610 | 2 | 0 | |a prognózy hospodárske |
| 100 | 1 | |a Staněk, Peter | |
| 700 | 1 | |a Černá, J. | |